Analýza trhu private equity v Európskej únii diplomová práca

Uložené v:
Podrobná bibliografia
Hlavný autor: Kováčová, Nikola
Korporativný autor: Fakulta podnikového manažmentu EU. Katedra podnikových financií
Ďalší autori: Nagy, Ladislav
Médium: Kniha
Jazyk:Slovak
Vydavateľské údaje: Bratislava 2012
Tagy: Pridať tag
Žiadne tagy, Buďte prvý, kto otaguje tento záznam!

MARC

LEADER 00000nbm a2200000 4500
001 0152420
005 20161109102035.9
041 0 |a slo 
044 |a SK 
245 1 0 |a Analýza trhu private equity v Európskej únii  |b diplomová práca  |c Nikola Kováčová ; školiteľ: Ladislav Nagy 
264 1 |a Bratislava  |c 2012 
300 |a 1 s. 
100 1 |a Kováčová, Nikola 
700 1 |a Nagy, Ladislav 
710 2 |a Fakulta podnikového manažmentu EU. Katedra podnikových financií